000
00294nam a22001337a 4500
008
170907b xxu||||| |||| 00| 0 eng d
020
_a
9780789459657
041
_a
eng
080
_a
72
100
_a
41
101
_a
ARK
245
_a
THE STORY OF ARCHITECTURE
_c
GLANCEY, J
942
_2
udc
_c
BK
999
_c
26425
_d
26425